Normal view
MARC view
- التشفير وفك التشفير - نظام حوسبة
Entry Topical Term
001 - CONTROL NUMBER
- control field: 58310
003 - CONTROL NUMBER IDENTIFIER
- control field: JO-AjAnu
005 - DATE AND TIME OF LATEST TRANSACTION
- control field: 20230606083537.0
008 - FIXED-LENGTH DATA ELEMENTS
- fixed length control field: 230606|| aca||aabn | a|a d
040 ## - CATALOGING SOURCE
- Original cataloging agency: JO-AjAnu
- Transcribing agency: JO-AjAnu
150 ## - HEADING--TOPICAL TERM
- Topical term or geographic name entry element: التشفير وفك التشفير - نظام حوسبة
670 ## - SOURCE DATA FOUND
- Source citation: Work cat.: (JO-AjAnu)29746: اعداد نور علي القضاة، وعد خرابشة؛ اشراف غازي الشقاح, author 58309, انظمة التشفير وفك التشفير